[Event "NTG GP"]
[Site "Bærum"]
[Date "2001.01.27"]
[EventDate "?"]
[Round "2"]
[Result "1-0"]
[White "Magnus Carlsen"]
[Black "Neil Benn"]
[WhiteElo "1716"]
[BlackElo "1574"]
[PlyCount "75"]

1. e4 c5 2. Nf3 a6 3. c4 e6 4. d4 cxd4 5. Nxd4 Nf6 6. Nc3 Bb4
7. e5 Ne4 8. Qf3 Qa5 9. Ne2 Qxe5 10. Bf4 Qf5 11. Nd4 Qa5
12. Rc1 Bxc3+ 13. bxc3 d5 14. Bd3 O-O 15. Bxe4 dxe4 16. Qg3
Nd7 17. O-O Kh8 18. Bd6 Re8 19. f3 e3 20. Qf4 f6 21. Qxe3 Nb6
22. Nb3 Nxc4 23. Qe2 Qb5 24. Bg3 e5 25. Bf2 Bf5 26. Rfd1 Rad8
27. Nc5 b6 28. a4 Qb2 29. Qxc4 bxc5 30. Qxc5 Rd2 31. Qb6 Qxc3
32. Rxc3 Rxd1+ 33. Be1 Rxe1+ 34. Kf2 Rb1 35. Qc6 Reb8 36. g4
R1b2+ 37. Kg3 Bg6 38. Qc8+ 1-0

[Event "Nordic-chT"]
[Site "Norway"]
[Date "2001.??.??"]
[EventDate "2001.??.??"]
[Round "?"]
[Result "1-0"]
[White "Magnus Carlsen"]
[Black "Erik Blomqvist"]
[WhiteElo "2733"]
[BlackElo "2334"]
[PlyCount "41"]

1. e4 e5 2. Nf3 Nc6 3. Bb5 a6 4. Ba4 Nf6 5. O-O b5 6. Bb3 d6
7. Re1 Na5 8. d4 exd4 9. e5 dxe5 10. Nxe5 Be7 11. Nxf7 Nxb3
12. Nxd8 Nxa1 13. Nc6 Nd5 14. Qh5+ g6 15. Qxd5 Kf8 16. Nxe7
Rb8 17. Qd8+ Kg7 18. Qxd4+ Kf7 19. Qxh8 Nxc2 20. Qg8+ Kf6
21. Qf8# 1-0

[Event "Nordic-chT"]
[Site "Norway"]
[Date "2001.??.??"]
[EventDate "2001.??.??"]
[Round "?"]
[Result "0-1"]
[White "Peter Nicolai Skovgaard"]
[Black "Magnus Carlsen"]
[WhiteElo "2130"]
[BlackElo "2733"]
[PlyCount "74"]

1. d4 Nf6 2. c4 c5 3. e3 g6 4. Nf3 Bg7 5. Be2 O-O 6. O-O cxd4
7. exd4 d5 8. Nc3 Be6 9. Ne5 dxc4 10. Nxc4 Nc6 11. Be3 Nd5
12. Bf3 Nxc3 13. bxc3 Bxc4 14. Re1 Bd5 15. Be2 f6 16. c4 Bf7
17. d5 Ne5 18. Rb1 b6 19. f4 Nd7 20. Bf3 Rc8 21. Bf2 Re8
22. Bg4 f5 23. Bf3 Rxc4 24. Qd3 Rc3 25. Qd2 Nc5 26. Rbd1 Rd3
27. Qc2 Rxd1 28. Rxd1 Qd6 29. g3 Rc8 30. Re1 Rc7 31. g4 fxg4
32. Bxg4 Qxf4 33. Bh3 Bxd5 34. Qd1 Bc6 35. Be3 Qd6 36. Qc2 Qd5
37. Bf4 Bd4+ 0-1

[Event "Astlandserien 01/02 div. 1, ASKO II - Asker"]
[Site "Oslo"]
[Date "2002.02.10"]
[EventDate "?"]
[Round "7"]
[Result "1-0"]
[White "Magnus Carlsen"]
[Black "Hans Arild Runde"]
[WhiteElo "2148"]
[BlackElo "1836"]
[PlyCount "64"]

1. e4 c5 2. Nf3 Nf6 3. Nc3 d5 4. exd5 Nxd5 5. Bb5+ Bd7 6. Ne5
Bxb5 7. Qf3 f6 8. Nxb5 Na6 9. Qh5+ g6 10. Nxg6 hxg6 11. Qxh8
Qd7 12. Nc3 Qe6+ 13. Kf1 Nab4 14. Qh3 Qa6+ 15. d3 Rd8 16. Qg4
f5 17. Qe2 Rd6 18. Nxd5 Nxd5 19. Bd2 Bg7 20. Re1 e6 21. h4 Kd7
22. h5 e5 23. hxg6 Rxg6 24. Rh7 Ne7 25. Bc3 Qc6 26. Qf3 Qxf3
27. gxf3 Ke6 28. Bxe5 Bxe5 29. f4 Kd6 30. Rxe5 Re6 31. Rxe6+
Kxe6 32. Rxe7+ Kxe7 1-0

[Event "Astlandserien 01/02 div. 1, Tempo - Asker"]
[Site "Drammen"]
[Date "2002.01.20"]
[EventDate "?"]
[Round "5"]
[Result "0-1"]
[White "Kjeld Christensen"]
[Black "Magnus Carlsen"]
[WhiteElo "1812"]
[BlackElo "2148"]
[PlyCount "54"]

1. d4 Nf6 2. c4 e6 3. Nf3 d5 4. Bg5 Be7 5. Nc3 O-O 6. e3 Ne4
7. Bxe7 Qxe7 8. Bd3 Nxc3 9. bxc3 dxc4 10. Bxc4 c5 11. O-O b6
12. e4 Rd8 13. Qc2 Bb7 14. Rad1 Nc6 15. Rfe1 cxd4 16. cxd4
Rac8 17. Qe2 Rc7 18. Bb5 g6 19. Qe3 a6 20. Bxc6 Rxc6 21. Ne5
Rc7 22. Ng4 h5 23. Ne5 Kg7 24. d5 exd5 25. Qd4 Qf6 26. Re3
dxe4 27. Qxd8 Qxd8 0-1

[Event "EU-ch U12"]
[Site "Peniscola"]
[Date "2002.10.05"]
[EventDate "2002.09.??"]
[Round "6"]
[Result "1-0"]
[White "Magnus Carlsen"]
[Black "Wouter Spoelman"]
[WhiteElo "2214"]
[BlackElo "2461"]
[PlyCount "65"]

1. e4 c5 2. Nc3 Nc6 3. Nge2 e5 4. Nd5 Nge7 5. Nec3 d6 6. Bc4
Nxd5 7. Nxd5 Be7 8. O-O O-O 9. d3 Bg5 10. f4 exf4 11. Bxf4 Ne5
12. Bxe5 dxe5 13. Qe1 Be6 14. Qg3 f6 15. Kh1 Kh8 16. Bb3 Qd6
17. Nc3 Bd7 18. a4 Bf4 19. Qe1 f5 20. g3 Bh6 21. exf5 Bxf5
22. Bd5 Bh3 23. Bg2 Bxg2+ 24. Kxg2 c4 25. dxc4 Rxf1 26. Qxf1
Be3 27. Qe2 Qb6 28. Rb1 Rf8 29. Nd5 Qg6 30. Nxe3 Qe4+ 31. Kg1
Rf3 32. Re1 h5 33. Qd3 1-0

[Event "EU-ch U12"]
[Site "Peniscola"]
[Date "2002.09.30"]
[EventDate "2002.09.??"]
[Round "3"]
[Result "0-1"]
[White "Xavier Vila Gazquez"]
[Black "Magnus Carlsen"]
[WhiteElo "2407"]
[BlackElo "2214"]
[PlyCount "64"]

1. e4 c5 2. Nc3 Nc6 3. g3 g6 4. Bg2 Bg7 5. d3 e5 6. Be3 d6
7. Qd2 Be6 8. Nge2 Nge7 9. Bh6 Bxh6 10. Qxh6 Nd4 11. Qd2 Qb6
12. Rb1 Bg4 13. O-O Nf3+ 14. Bxf3 Bxf3 15. Qe3 Bg4 16. f4 Qc7
17. Rbe1 Be6 18. Kg2 O-O-O 19. a3 Kb8 20. b4 Rc8 21. Rb1 d5
22. Qf2 d4 23. Na4 cxb4 24. axb4 b6 25. Rfc1 Qd7 26. b5 f6
27. Rb2 Qd6 28. Ra1 Rc7 29. Qe1 h5 30. h4 Bg4 31. fxe5 fxe5
32. Ng1 {Ilegible.} 0-1

[Event "Det 13. åpne junior-NM"]
[Site "Oslo"]
[Date "2003.04.15"]
[EventDate "?"]
[Round "4"]
[Result "0-1"]
[White "Victor Nithander"]
[Black "Magnus Carlsen"]
[WhiteElo "2246"]
[BlackElo "2315"]
[PlyCount "154"]

1. e4 c5 2. Nf3 e6 3. d4 cxd4 4. Nxd4 Nf6 5. Nc3 Bb4 6. Nb5
O-O 7. a3 Bxc3+ 8. Nxc3 d5 9. e5 Nfd7 10. Qh5 Nc6 11. f4 f5
12. Bd3 Nc5 13. O-O Ne4 14. Nd1 Bd7 15. Be3 d4 16. Bf2 Ne7
17. Bh4 Bc6 18. Nf2 Nd2 19. Bxe7 Qxe7 20. Rfe1 Qc5 21. Qh3 Nc4
22. Bxc4 Qxc4 23. Qd3 Qd5 24. Qg3 Rac8 25. Rad1 Rfd8 26. Rd2
Qb5 27. c3 dxc3 28. Qxc3 Bd5 29. Qe3 Rc4 30. b3 Rc6 31. b4
Rdc8 32. Rdd1 Rc3 33. Rc1 Qc4 34. Nd3 Rc2 35. Rxc2 Qxc2
36. Re2 Qd1+ 37. Re1 Qb3 38. Nc5 Qxe3+ 39. Rxe3 b6 40. Nb3 Rc2
41. Rg3 Rc4 42. Nd2 Rxf4 43. Rc3 a5 44. b5 g5 45. Rc8+ Kg7
46. Rb8 g4 47. Rxb6 Rd4 48. Nf1 Rd3 49. g3 Rxa3 50. Kf2 Rf3+
51. Ke1 a4 52. Nd2 Rc3 53. Ra6 a3 54. b6 Rc6 55. Rxa3 Rxb6
56. Re3 Kg6 57. Kf2 h5 58. Rc3 Rb2 59. Ke3 h4 60. Rc8 Ra2
61. Rg8+ Kf7 62. Rg5 Ra3+ 63. Kf2 hxg3+ 64. hxg3 Rd3 65. Nf1
Rf3+ 66. Ke1 Bc4 67. Nd2 Re3+ 68. Kd1 Bd3 69. Nb3 Rxg3 70. Nc5
Bc4 71. Nb7 Bd5 72. Nd6+ Kf8 73. Ke2 Rh3 74. Kf2 Rf3+ 75. Ke2
g3 76. Rg6 f4 77. Ke1 Re3+ 0-1

[Event "Gausdal Troll Masters"]
[Site "Gausdal"]
[Date "2003.01.12"]
[EventDate "?"]
[Round "7"]
[Result "0-1"]
[White "Kim Nygren"]
[Black "Magnus Carlsen"]
[WhiteElo "2203"]
[BlackElo "2279"]
[PlyCount "94"]

1. e4 c5 2. Nf3 e6 3. d4 cxd4 4. Nxd4 a6 5. Nc3 b5 6. g3 Bb7
7. Bg2 Nc6 8. O-O Nxd4 9. Qxd4 Ne7 10. Bf4 Nc6 11. Qd2 Na5
12. b3 Rc8 13. Nd5 exd5 14. exd5 Be7 15. d6 Bf6 16. Rae1+ Kf8
17. Re7 Bxg2 18. Kxg2 Nc6 19. Re4 g5 20. Be3 Kg7 21. h4 Re8
22. Rxe8 Qxe8 23. hxg5 Bd8 24. Re1 Qe4+ 25. f3 Qg6 26. Rh1 Ne5
27. c3 Qd3 28. Qxd3 Nxd3 29. Bd4+ Kg8 30. f4 b4 31. c4 Rc6
32. Kf3 Bb6 33. Bxb6 Rxb6 34. Ke3 Nc5 35. Kd4 Nb7 36. Rh6 a5
37. g4 a4 38. bxa4 Ra6 39. Rh2 Rxd6+ 40. Ke5 Ra6 41. Rh6 d6+
42. Kd5 Rxa4 43. Kc6 Nd8+ 44. Kxd6 Rxa2 45. Ke7 Ne6 46. f5
Ra7+ 47. Ke8 { Nc5 48. Rh1 b3 49. Rb1 Rb7 50. Kd8 b2 51. Kc8
Kg7 } 0-1

[Event "Barentsmesterskapet, Klasse A"]
[Site "Alta"]
[Date "2003.06.19"]
[EventDate "?"]
[Round "3"]
[Result "0-1"]
[White "Odd Erling Mikalsen"]
[Black "Magnus Carlsen"]
[WhiteElo "1531"]
[BlackElo "2326"]
[PlyCount "50"]

1. e4 c5 2. Nc3 Nc6 3. f4 e6 4. Nf3 a6 5. Be2 d5 6. d4 dxe4
7. Nxe4 cxd4 8. O-O Be7 9. Bd3 Nf6 10. Nfg5 Nxe4 11. Nxe4 f5
12. Ng3 O-O 13. a3 Qd5 14. b3 g6 15. Bb2 Bf6 16. Re1 b5
17. Rc1 Bb7 18. Be2 d3 19. Bxf6 d2 20. Ba1 Nd4 21. Bf1 dxc1=Q
22. Qxc1 Rac8 23. Qb2 Rxc2 24. Qxd4 Rxg2+ 25. Kh1 Rxg3+ 0-1

[Event "6th Dubai Open"]
[Site "Dubai UAE"]
[Date "2004.04.25"]
[EventDate "2004.04.19"]
[Round "7"]
[Result "1-0"]
[White "Magnus Carlsen"]
[Black "Surya Shekhar Ganguly"]
[WhiteElo "2552"]
[BlackElo "2582"]
[PlyCount "85"]

1. d4 Nf6 2. Bg5 Ne4 3. Bf4 c5 4. f3 Nf6 5. dxc5 b6 6. Nc3
bxc5 7. e4 d6 8. e5 dxe5 9. Qxd8+ Kxd8 10. O-O-O+ Nbd7
11. Bxe5 Bb7 12. Nh3 Kc8 13. Bg3 h6 14. Bc4 e6 15. Nf4 Be7
16. Nb5 g5 17. Nd3 Bd5 18. Bxd5 Nxd5 19. Rhe1 a6 20. Nd6+ Bxd6
21. Bxd6 c4 22. Ne5 Nxe5 23. Bxe5 Rd8 24. Re4 Nb6 25. Rxd8+
Kxd8 26. Bg7 Ke7 27. Bxh6 f6 28. h4 gxh4 29. Rxh4 Rh8 30. Bg5
Rg8 31. Be3 Nd5 32. Bc5+ Kd7 33. Rxc4 Rxg2 34. Rg4 Rh2 35. c4
Nc7 36. Rd4+ Kc6 37. Bb4 Rf2 38. Rd6+ Kb7 39. Ba5 Rf1+ 40. Kd2
Rf2+ 41. Ke3 Rc2 42. Kd3 Rc1 43. Rb6+ 1-0

[Event "6th European Individual Championship"]
[Site "Warsaw POL"]
[Date "2005.06.30"]
[EventDate "2005.06.18"]
[Round "12"]
[Result "1-0"]
[White "Magnus Carlsen"]
[Black "Peter Heine Nielsen"]
[WhiteElo "2548"]
[BlackElo "2653"]
[PlyCount "97"]

1. e4 e5 2. Nf3 Nc6 3. Bb5 Nf6 4. O-O Nxe4 5. d4 Nd6 6. Bxc6
dxc6 7. dxe5 Nf5 8. Qxd8+ Kxd8 9. Nc3 h6 10. h3 Bd7 11. Bf4
Kc8 12. Rad1 b6 13. a3 Be6 14. g4 Ne7 15. Nd4 Bc4 16. Rfe1 c5
17. Nf5 Nc6 18. Nd5 Bxd5 19. Rxd5 g6 20. e6 gxf5 21. exf7 Bd6
22. Bxh6 Kb7 23. Bg7 Rh7 24. Rxd6 Rxg7 25. Rxc6 fxg4 26. Rxc7+
Kxc7 27. Re7+ Kc6 28. f8=Q Rxf8 29. Rxg7 gxh3 30. Rh7 Rd8
31. Rxh3 Rd1+ 32. Kg2 Rc1 33. Rc3 b5 34. Kf3 Kd5 35. Ke2 c4
36. Kd2 Rb1 37. Rh3 Rf1 38. Rh5+ Kd4 39. Ke2 Rc1 40. Kd2 Rf1
41. Ke2 Rc1 42. c3+ Ke4 43. f3+ Kf4 44. Rxb5 Rc2+ 45. Kd1 Rh2
46. Kc1 Kxf3 47. Rc5 Rh4 48. Kb1 Ke3 49. Rc7 1-0

[Event "Corus Group B"]
[Site "Wijk aan Zee NED"]
[Date "2006.01.15"]
[EventDate "2006.01.14"]
[Round "2"]
[Result "0-1"]
[White "Jan Smeets"]
[Black "Magnus Carlsen"]
[WhiteElo "2550"]
[BlackElo "2625"]
[PlyCount "86"]

1. e4 c5 2. Nf3 Nc6 3. d4 cxd4 4. Nxd4 Nf6 5. Nc3 e5 6. Ndb5
d6 7. Bg5 a6 8. Na3 b5 9. Nd5 Be7 10. Bxf6 Bxf6 11. c3 Bg5
12. Nc2 Ne7 13. Ncb4 O-O 14. a4 bxa4 15. Rxa4 a5 16. Nxe7+
Qxe7 17. Bc4 Bd7 18. Nd5 Qe8 19. Ra2 Bd8 20. O-O Rc8 21. Bb3
Rb8 22. Qc2 Kh8 23. Rfa1 f5 24. Ba4 Bxa4 25. Rxa4 fxe4
26. R4a2 Qf7 27. c4 Rb3 28. Re1 Bh4 29. g3 Rf3 30. b3 Bd8
31. Rxe4 h5 32. Re2 h4 33. Rb2 g6 34. Kg2 hxg3 35. hxg3 Rxg3+
36. Kf1 Qf3 37. Qe4 Qh5 38. Ne3 Bg5 39. Ke1 Rgf3 40. Nf1 Bc1
41. Ra2 Rxb3 42. Ng3 Qh6 43. Qg4 Rxg3 0-1

[Event "World Chess Cup"]
[Site "Khanty-Mansiysk RUS"]
[Date "2007.11.24"]
[EventDate "?"]
[Round "11"]
[Result "0-1"]
[White "Zhao Zong-Yuan"]
[Black "Magnus Carlsen"]
[WhiteElo "2491"]
[BlackElo "2714"]
[PlyCount "142"]

1. d4 Nf6 2. Nf3 e6 3. c4 b6 4. Nc3 Bb7 5. Bg5 Be7 6. e3 h6
7. Bh4 O-O 8. Bd3 c5 9. O-O cxd4 10. exd4 d5 11. Bxf6 Bxf6
12. cxd5 exd5 13. Re1 Nc6 14. Bc2 Qd6 15. Qd3 g6 16. Bb3 Na5
17. Ne5 Bg7 18. Re2 Nxb3 19. axb3 a6 20. Rae1 Rad8 21. h3 b5
22. Qd2 Bc8 23. Na2 Rde8 24. Qb4 Re6 25. Qxd6 Rxd6 26. Nb4 g5
27. Nbd3 Bf5 28. Nc5 b4 29. g4 Bc8 30. Ncd3 a5 31. Nc5 Kh7
32. f3 f6 33. Ned3 f5 34. Re7 fxg4 35. fxg4 h5 36. Ne5 hxg4
37. hxg4 Rf4 38. Ra1 Rxd4 39. Rxa5 Rd8 40. Raa7 Rg8 41. Kf2
Kh6 42. Ncd7 Bxd7 43. Ra6+ Kh7 44. Nxd7 Kh8 45. Ne5 Rf8+
46. Rf7 Rf4+ 47. Rxf4 Rxf4+ 48. Nf3 Rxg4 49. Rg6 Bd4+ 50. Nxd4
Kh7 51. Rd6 Rxd4 52. Ke3 Re4+ 53. Kd3 Rf4 54. Rxd5 Kg6 55. Rb5
Rf3+ 56. Kc2 Rf4 57. Kd3 Kh5 58. Ke2 Kg4 59. Rc5 Kh4 60. Ke3
Rg4 61. Kf2 Kh3 62. Rc4 Rg2+ 63. Kf1 Rxb2 64. Rxb4 g4 65. Rb8
Rb1+ 66. Ke2 g3 67. b4 Rb3 68. Rh8+ Kg2 69. Rb8 Kh2 70. Rh8+
Kg1 71. Rh4 g2 { 72. Ke1 Rb2 } 0-1

[Event "World Blitz Championship"]
[Site "Moscow RUS"]
[Date "2009.11.16"]
[EventDate "2009.11.16"]
[Round "2"]
[Result "1-0"]
[White "Magnus Carlsen"]
[Black "Vladimir Kramnik"]
[WhiteElo "2801"]
[BlackElo "2772"]
[PlyCount "79"]

1. e4 d5 2. exd5 Qxd5 3. Nc3 Qd6 4. d4 Nf6 5. Nf3 g6 6. Nb5
Qb6 7. c4 c6 8.Nc3 Bg7 9. Be2 O-O 10. O-O Bg4 11. h3 Bxf3
12. Bxf3 Rd8 13. d5 cxd5 14.cxd5 Na6 15. Qe2 Nb4 16. Rd1 Rac8
17. a3 Qa6 18. Qxa6 Nxa6 19. Nb5 Nc7 20.Nxa7 Ra8 21. d6 Rxd6
22. Bf4 Rxa7 23. Bxd6 exd6 24. Rxd6 b5 25. Rc1 Ne6 26.Rb6 Nd4
27. Rc8+ Bf8 28. Rxf6 b4 29. axb4 Kg7 30. Rb6 Ra1+ 31. Kh2 Ra2
32.Bd5 Rxb2 33. f4 Rf2 34. Kg3 Rf1 35. Bf3 Be7 36. Rc4 Nf5+
37. Kh2 Rb1 38. g4 Ne3 39. Re4 Nf1+ 40. Kg2 1-0

[Event "World Blitz Championship"]
[Site "Moscow RUS"]
[Date "2010.11.16"]
[EventDate "2010.11.16"]
[Round "3.1"]
[Result "0-1"]
[White "Vladimir Kramnik"]
[Black "Magnus Carlsen"]
[WhiteElo "2791"]
[BlackElo "2802"]
[PlyCount "130"]

1. Nf3 Nf6 2. c4 e6 3. g3 b6 4. Bg2 Bb7 5. O-O c5 6. Nc3 d6
7. b3 Be7 8. Bb2 O-O 9. e3 Nbd7 10. d4 Ne4 11. Qe2 Nxc3
12. Bxc3 Be4 13. Rfd1 Qc7 14. Ne1 Bxg2 15. Nxg2 cxd4 16. exd4
d5 17. Rac1 Nf6 18. Nf4 Rad8 19. c5 a5 20. Be1 bxc5 21. dxc5
Ne4 22. Qb5 Ra8 23. c6 Rfb8 24. Qe2 Bd6 25. Nh5 Rb6 26. f3 Nf6
27. Nxf6+ gxf6 28. Qc2 Raa6 29. Qe2 Rxc6 30. Bd2 Rxc1 31. Rxc1
Rc6 32. Rxc6 Qxc6 33. Qd3 a4 34. Kg2 Kg7 35. g4 axb3 36. Qxb3
Qa6 37. Kf2 d4 38. a4 Bxh2 39. Qb5 Qd6 40. Ke2 Qg3 41. Qc6
Qg2+ 42. Kd3 Bg1 43. a5 Qf1+ 44. Kc2 Qe2 45. Qe4 Qc4+ 46. Kd1
Qb3+ 47. Ke2 Be3 48. Bxe3 dxe3 49. Qxe3 Qb5+ 50. Kf2 Qxa5
51. Qd3 Qe5 52. Kg2 f5 53. gxf5 Qxf5 54. Qd4+ Qf6 55. Qc4 h5
56. Qe2 Qf4 57. Qb2+ Kg6 58. Qc2+ Qf5 59. Qc8 Qg5+ 60. Kh3 Kg7
61. Qc3+ Kh7 62. Qc7 Qf5+ 63. Kg2 h4 64. Kf2 Qg6 65. Ke2 h3
0-1

[Event "World Blitz Championship"]
[Site "Moscow RUS"]
[Date "2010.11.16"]
[EventDate "2010.11.16"]
[Round "9.1"]
[Result "0-1"]
[White "Sergey Karjakin"]
[Black "Magnus Carlsen"]
[WhiteElo "2760"]
[BlackElo "2802"]
[PlyCount "81"]

1. e4 e5 2. Nf3 Nc6 3. Bb5 a6 4. Ba4 Nf6 5. O-O Be7 6. Re1 b5
7. Bb3 d6 8. c3 O-O 9. h3 Nb8 10. d4 Nbd7 11. Nbd2 Bb7 12. Bc2
Re8 13. a4 Bf8 14. Bd3 c6 15. b3 Qc7 16. Qc2 Rac8 17. Bb2 Nh5
18. Bf1 Nf4 19. b4 Nb6 20. axb5 cxb5 21. dxe5 dxe5 22. Qb1
Rcd8 23. g3 Ne6 24. h4 Na4 25. Ra3 Rd7 26. Ba1 Red8 27. Qa2
Nb6 28. Bh3 Rd6 29. Qc2 Nd4 30. Qb1 Nxf3+ 31. Nxf3 Rd3 32. Bg2
Nc4 33. Ra2 h6 34. Nh2 Nd2 35. Qc2 Qc4 36. Nf1 Nxe4 37. Ne3
Qc8 38. Qc1 Nd2 39. Nf1 Nf3+ 40. Bxf3 Bxf3 41. Kh2 0-1

[Event "World Blitz Championship"]
[Site "Moscow RUS"]
[Date "2010.11.17"]
[EventDate "2010.11.16"]
[Round "19.1"]
[Result "0-1"]
[White "Alexander Grischuk"]
[Black "Magnus Carlsen"]
[WhiteElo "2771"]
[BlackElo "2802"]
[PlyCount "96"]

1. c4 e5 2. g3 Nf6 3. Bg2 d5 4. cxd5 Nxd5 5. Nf3 Nc6 6. O-O
Be7 7. Nc3 Nb6 8. a3 O-O 9. b4 Re8 10. Bb2 Bf8 11. d3 Nd4
12. e3 Nxf3+ 13. Bxf3 a5 14. b5 a4 15. Qe2 Bf5 16. Rfd1 Qc8
17. Rac1 Ra5 18. h4 h6 19. Kh2 Be6 20. Rg1 Rd8 21. g4 Be7
22. g5 hxg5 23. hxg5 Bf5 24. Be4 Qe6 25. Rg3 Bxe4 26. Nxe4
Rxb5 27. Kg2 Kf8 28. Rxc7 Nd5 29. Rc4 Nb6 30. Rc1 Rb3 31. Qh5
Ke8 32. Ba1 Kd7 33. Nc5+ Bxc5 34. Rxc5 Rxd3 35. Bxe5 Rc8
36. Rxc8 Nxc8 37. Bxg7 Rxa3 38. Rf3 Nd6 39. Bf8 Rd3 40. Bxd6
Rxd6 41. Rxf7+ Kc6 42. Qf3+ Qd5 43.Qxd5+ Rxd5 44.f4 a3 45.Rf8
Ra5 46.Rc8+ Kd7 47.Rc1 a2 48.Ra1 b5 {and White flagged} 0-1

[Event "Exhibition Game (1 Minute)"]
[Site "Pauw & Witteman TV Show, The Netherlands"]
[Date "2010.??.??"]
[EventDate "?"]
[Round "-"]
[Result "0-1"]
[White "Hans Bohm"]
[Black "Magnus Carlsen"]
[WhiteElo "2327"]
[BlackElo "2826"]
[PlyCount "64"]

1. d4 Nf6 2.Bg5 e6 3.e3 h6 4. Bh4 c5 5.c3 cxd4 6.exd4 Be7
7.Nd2 d6 8. Bd3 Nbd7 9. Ne2 b6 10. O-O Bb7 11. Re1 O-O 12. Rc1
Nh5 13. Bxe7 Qxe7 14. Be4 Bxe4 15. Nxe4 Nhf6 16. N2g3 Nxe4
17. Nxe4 b5 18. a3 Rab8 19. Qh5 a5 20. Re3 d5 21. Nd2 Nf6
22. Qh4 b4 23. axb4 axb4 24. f4 bxc3 25. bxc3 Rb2 26. Nf3 Qa3
27. Rce1 Qa2 28. Qh3 Ne4 29. Ne5 Rb1 30. Qh4 Rfb8 31. h3 Qd2
32. Nf3 Qxe3+ 0-1

[Event "Live Chess"]
[Site "Chess.com"]
[Date "2014.12.14"]
[EventDate "?"]
[Round "?"]
[Result "1-0"]
[White "Magnus Carlsen"]
[Black "NN"]
[WhiteElo "2862"]
[BlackElo "2209"]
[PlyCount "135"]

1.f4 d5 2.Nf3 c6 3.g3 Nf6 4.Bg2 g6 5.O-O Bg7 6.d3 Na6 7.Nc3
O-O 8.e4 dxe4 9.dxe4 Nc7 10.e5 Nfd5 11.Ne4 Bf5 12.Qe2 Ne6
13.c4 Qb6+ 14.Kh1 Bxe4 15.Qxe4 Nc5 16.Qe2 Nb4 17.Be3 Nba6
18.a3 Qc7 19.b4 Ne6 20.Bh3 Qc8 21.f5 gxf5 22.Bxf5 Qc7 23.Qc2
Bxe5 24.Rae1 Bf6 25.Qe4 Kh8 26.Bxh7 Ng7 27.Ng5 Bxg5 28.Bxg5 f6
29.Be3 Qe5 30.Qxe5 fxe5 31.Bc2 Nc7 32.Rxf8+ Rxf8 33.Bxa7 b5
34.cxb5 Nxb5 35.Bc5 Nxa3 36.Be4 Ne6 37.Bxe7 Rf7 38.Bh4 Nd4
39.Kg2 Nc4 40.Bd3 Nf3 41.Re4 Ncd2 42.Re3 Nxh4+ 43.gxh4 Rd7
44.h5 Kg7 45.Rg3+ Kh6 46.Be2 Rg7 47.Rxg7 Kxg7 48.Kf2 Ne4+
49.Ke3 Nd6 50.Bf3 Nf5+ 51.Kd3 Nd4 52.Be4 Kh6 53.Bg6 Kg5 54.Kc4
Nb5 55.h4+ Kh6 56.Kc5 Nc3 57.Bf7 e4 58.Kd4 Nb5+ 59.Ke3 Nc7
60.Bc4 Kxh5 61.Kxe4 Na8 62.Kd4 Nb6 63.Kc5 Na4+ 64.Kxc6 Nc3
65.Kc5 Kxh4 66.Kd4 Na4 67.Bb3 Nb6 68.Kc5 1-0

[Event "Live Chess"]
[Site "Chess.com"]
[Date "2014.12.14"]
[EventDate "?"]
[Round "?"]
[Result "1-0"]
[White "Magnus Carlsen"]
[Black "NN"]
[WhiteElo "2862"]
[BlackElo "1736"]
[PlyCount "117"]

1.e4 c5 2.Nf3 e6 3.d4 cxd4 4.Nxd4 Nc6 5.Nc3 Qc7 6.Be3 a6 7.Bd3
Nf6 8.O-O Nxd4 9.Bxd4 Bc5 10.Bxc5 Qxc5 11.Qe1 e5 12.Na4 Qd4
13.Qa5 O-O 14.Nb6 Rb8 15.Rad1 d6 16.c3 Qc5 17.Qxc5 dxc5 18.Bc4
Nxe4 19.Rfe1 Nf6 20.Rxe5 Be6 21.Bxe6 fxe6 22.Rxe6 Rbd8 23.Rxd8
Rxd8 24.Kf1 Rd1+ 25.Re1 Rd2 26.Nc4 Rc2 27.Rb1 Ng4 28.f3 b5
29.fxg4 bxc4 30.a4 Kf7 31.h3 Kf6 32.Re1 Rxb2 33.Re4 Ra2
34.Rxc4 Ke6 35.g5 Ra3 36.Rxc5 Rxa4 37.Rc7 g6 38.Rxh7 Kf5 39.h4
Rc4 40.Ra7 Rxh4 41.Rxa6 Rc4 42.Rf6+ Kxg5 43.Rf3 Re4 44.Kf2 Kg4
45.Rd3 Kf4 46.g3+ Ke5 47.Re3 Kd5 48.Rxe4 Kxe4 49.Ke2 g5 50.c4
Kd4 51.Kf3 Kxc4 52.Kg4 Kd5 53.Kxg5 Ke6 54.Kg6 Ke7 55.g4 Kf8
56.Kh7 Kf7 57.g5 Kf8 58.g6 Ke7 59.g7 1-0

[Event "Live Chess"]
[Site "Chess.com"]
[Date "2014.12.14"]
[EventDate "?"]
[Round "?"]
[Result "1-0"]
[White "Magnus Carlsen"]
[Black "NN"]
[WhiteElo "2862"]
[BlackElo "1200"]
[PlyCount "53"]

1.e4 e5 2.Nf3 Nc6 3.Bb5 Nf6 4.O-O Nxe4 5.d4 Nd6 6.Bg5 Be7
7.Bxe7 Nxe7 8.dxe5 Nxb5 9.a4 O-O 10.axb5 Ng6 11.Nc3 b6 12.Qd5
c6 13.bxc6 dxc6 14.Qxc6 Be6 15.Rad1 Qc8 16.Qe4 Bf5 17.Qe3 Qb7
18.Nd4 Be6 19.f4 Bc4 20.Rfe1 Ne7 21.f5 Nd5 22.Nxd5 Bxd5 23.f6
gxf6 24.Nf5 Kh8 25.Qh6 Rg8 26.Qxf6+ Rg7 27.Qxg7# 1-0

[Event "Live Chess"]
[Site "Chess.com"]
[Date "2014.12.14"]
[EventDate "?"]
[Round "?"]
[Result "1-0"]
[White "Magnus Carlsen"]
[Black "NN"]
[WhiteElo "2862"]
[BlackElo "1200"]
[PlyCount "55"]

1.e4 g6 2.Nf3 d6 3.d4 Bg7 4.Bc4 Bg4 5.Bxf7+ Kxf7 6.Ng5+ Ke8
7.Qxg4 Nh6 8.Qh3 Nd7 9.Ne6 Qc8 10.Nxg7+ Kd8 11.Ne6+ Ke8
12.Bxh6 Nf6 13.Nc3 Kf7 14.d5 c6 15.O-O cxd5 16.exd5 Qc4
17.Ng5+ Ke8 18.Qe6 Qg4 19.Qf7+ Kd7 20.Rae1 Rae8 21.Re6 Qd4
22.Rfe1 Ng4 23.Rxe7+ Rxe7 24.Rxe7+ Kc8 25.Re8+ Rxe8 26.Qxe8+
Kc7 27.Ne6+ Kb6 28.Qb5# 1-0